| 000 | 00808cab a2200229 4500 | ||
|---|---|---|---|
| 001 | ABS57739 | ||
| 008 | 090401t1997 xxu||||| |||| 00| 0 eng d | ||
| 035 | _a(Sirsi) u81327 | ||
| 041 | _aeng | ||
| 100 | _aEvans, D. | ||
| 245 | _aPutting Waste Local Plans in context | ||
| 260 | _c1997 | ||
| 350 | _a0 | ||
| 490 |
_aWastes Management _vSeptember 1997, 34-35(2) |
||
| 520 | _aLooks specifically at Waste Local Plans (WLP`s) which are produced under the Town and Country Planning Act 1990 s38. WLPs are to play a major role in guiding where waste development is permitted. Advice on their content is set out in PPG23. | ||
| 650 | _aPLANNING POLICY | ||
| 650 | _aWASTE INDUSTRY | ||
| 650 | _aWASTE LOCAL PLANS | ||
| 690 | _aENVIRONMENTAL AND LAND CONSULTANCY | ||
| 942 | _n0 | ||
| 948 | _c08/10/1997 | ||
| 999 |
_c51240 _d51240 |
||